000 00512nam a2200217Ia 4500
003 OSt
005 20220928151353.0
006 a|||||r|||| 00| 0
007 ta
008 220927b |||||||| |||| 00| 0 eng d
024 _a123678
037 _cTextual
040 _aSDCL
_cSDCL
_beng
041 _2eng
_aeng
082 _aE141, M1
100 _aGrabmaier J Ed.
_9517219
245 0 _aSilicon.
260 _c1981
942 _hE141, M1
_cTEXL
_2CC
999 _c851342
_d851342